[Event "Lorraine-ch"]
[Site "Hayange"]
[Date "2013.05.18"]
[Round "2"]
[White "Roby, Simon"]
[Black "Steininger, Denis"]
[Result "0-1"]
[WhiteElo "1688"]
[BlackElo "1980"]
[PlyCount "54"]
[EventDate "2013.05.17"]
[EventType "swiss"]
[EventRounds "7"]
[EventCountry "FRA"]
[SourceTitle "EXT 2014"]
[Source "ChessBase"]
[SourceDate "2013.11.20"]
[SourceVersion "1"]
[SourceVersionDate "2013.11.20"]
[SourceQuality "1"]

1. e4 Nc6 2. d4 e5 3. d5 Nce7 4. c4 Ng6 5. Be3 Nf6 6. Bd3 Bb4+ 7. Nd2 Nh4 8. Kf1 0-0 9. a3 Be7 10. Ndf3 Ng4 11. Qd2 Nxe3+ 12. Qxe3 b6 13. g3 Nxf3 14. Nxf3 Bc5 15. Qg5 f6 16. Qd2 a5 17. Kg2 a4 18. h4 d6 19. h5 f5 20. Raf1 Qe7 21. h6 g6 22. Qg5 Qf7 23. Nh4 fxe4 24. Bxe4 Qxf2+ 25. Rxf2 Rxf2+ 26. Kg1 Rf5+ 27. Kg2 Rxg5 0-1